[Event "WYb14"]
[Site "Heraklio GRE"]
[Date "2002.11.22"]
[Round "9"]
[White "Mamedov,Rau"]
[Black "Amin,B"]
[Result "1/2-1/2"]
[WhiteElo "2366"]
[BlackElo "2269"]
[EventDate "2002.11.15"]

1. e4 e5 2. Nf3 Nc6 3. d4 exd4 4. Nxd4 Nf6 5. Nxc6 bxc6 6. e5 Qe7 7. Qe2
Nd5 8. c4 Ba6 9. b3 g6 10. Bb2 Bg7 11. g3 O-O 12. Bg2 Rfe8 13. O-O Bxe5 14.
Qxe5 Qxe5 15. Bxe5 Rxe5 16. cxd5 Bxf1 17. Kxf1 cxd5 18. Nc3 c6 19. Rd1 Rb8
20. Rd4 Kf8 21. Bf3 Ke7 22. Ra4 Rb7 23. Ra5 Kd6 24. Ne2 Kc7 25. Nf4 d6 26.
Ra6 Re8 27. Ne2 Ra8 28. Ke1 Rb6 29. Ra5 Kb7 30. Kd2 Ra6 31. Rxa6 Kxa6 32.
Nf4 Kb6 33. Nd3 1/2-1/2

[Event "WYb14"]
[Site "Heraklio GRE"]
[Date "2002.11.22"]
[Round "9"]
[White "Gonda,L"]
[Black "Ragger,M"]
[Result "1/2-1/2"]
[WhiteElo "2333"]
[BlackElo "2211"]
[EventDate "2002.11.15"]

1. d4 d5 2. Nf3 Nc6 3. e3 Bg4 4. Be2 Nf6 5. Nbd2 e6 6. O-O Bd6 7. c4 O-O 8.
b3 e5 9. c5 Be7 10. Nxe5 Nxe5 11. dxe5 Bxe2 12. Qxe2 Nd7 13. Bb2 Bxc5 14.
e4 d4 15. Nf3 Qe7 16. Nxd4 Bxd4 17. Bxd4 c5 18. Bb2 Nxe5 19. Rad1 Rfd8 20.
Rxd8+ Rxd8 21. Rd1 Nc6 22. Rxd8+ Qxd8 23. Bc3 h6 24. f4 Nd4 25. Qd3 Qf6 26.
Bxd4 cxd4 27. g3 Qc6 28. Kf2 Qc1 29. Qxd4 Qc2+ 30. Kf3 Qxa2 31. Qc4 Qxh2
32. Qc8+ Kh7 33. Qxb7 1/2-1/2

[Event "WYb14"]
[Site "Heraklio GRE"]
[Date "2002.11.22"]
[Round "9"]
[White "Bluvshtein,M"]
[Black "Leon Hoyos,M"]
[Result "1-0"]
[WhiteElo "2449"]
[BlackElo "2261"]
[EventDate "2002.11.15"]

1. e4 c5 2. Nf3 g6 3. d4 Bg7 4. Nc3 cxd4 5. Nxd4 Nc6 6. Be3 Nf6 7. Bc4 O-O
8. h3 d6 9. O-O Bd7 10. Bb3 Na5 11. f4 Nxb3 12. axb3 Qb8 13. Qd3 a6 14. Ra5
Qc7 15. b4 Bc6 16. Qc4 Rac8 17. e5 Ne4 18. Nd5 Bxd5 19. Qxd5 dxe5 20. fxe5
b6 21. Rxa6 Qxe5 22. Qxe5 Bxe5 23. c3 Bxd4 24. Bxd4 b5 25. Re1 f5 26. Re6
Kf7 27. Re5 Rb8 28. Rf1 Nd2 29. Rf2 Nb3 30. Be3 Rfd8 31. Bg5 Rb7 32. Rfe2
Rdd7 33. Kf2 Kf8 34. g4 fxg4 35. hxg4 Kf7 36. Re6 Ra7 37. R6e5 Rab7 38. Ke1
Kf8 39. Bh6+ Ke8 40. Rf2 Rd6 41. Rf8+ Kd7 42. Rf7 Re6 43. Rxe6 Kxe6 44.
Rxh7 Ra7 45. Kd1 Rd7+ 46. Ke2 Rd5 47. Bf4 Kf6 48. Rh8 e5 49. Be3 Na1 50.
Ra8 Nc2 51. Ra6+ Kf7 52. Bc1 e4 53. b3 Rd3 54. Ra2 Rxc3 55. Kd2 Rxb3 56.
Rxc2 Rxb4 57. Ke3 Ke6 58. Bb2 g5 59. Bd4 Rb3+ 60. Rc3 Rb1 61. Kxe4 b4 62.
Rc6+ Kd7 63. Rb6 b3 64. Be5 1-0

[Event "WYb14"]
[Site "Heraklio GRE"]
[Date "2002.11.22"]
[Round "9"]
[White "Fier,A"]
[Black "Rodshtein,M"]
[Result "1-0"]
[WhiteElo "2205"]
[BlackElo "2221"]
[EventDate "2002.11.15"]

1. e4 e6 2. Nf3 d5 3. e5 b6 4. c3 Qd7 5. d4 Ba6 6. Bxa6 Nxa6 7. O-O c5 8.
Bg5 Ne7 9. Bxe7 Bxe7 10. Ne1 Rc8 11. Qd3 Nb8 12. f4 Nc6 13. Nc2 O-O 14. Kh1
f5 15. Nd2 a5 16. Nf3 a4 17. Ne3 Na5 18. Rad1 b5 19. Rg1 Nc4 20. Nxc4 bxc4
21. Qe2 Rb8 22. g4 Qb5 23. Rg2 fxg4 24. Rxg4 Qxb2 25. Qe3 Qxa2 26. Rdg1 g6
27. dxc5 Rf7 28. h4 Rf5 29. c6 Qb2 30. Qa7 Rf7 31. h5 Rg7 32. hxg6 hxg6 33.
Rxg6 Rxg6 34. Rxg6+ Kf7 35. Rf6+ 1-0

[Event "WYb14"]
[Site "Heraklio GRE"]
[Date "2002.11.23"]
[Round "10"]
[White "Lenic,L"]
[Black "Kononenko,D"]
[Result "1/2-1/2"]
[WhiteElo "2257"]
[BlackElo "2376"]
[EventDate "2002.11.15"]

1. e4 c5 2. Nf3 Nc6 3. d4 cxd4 4. Nxd4 Nf6 5. Nc3 d6 6. Bc4 Qb6 7. Nxc6
bxc6 8. O-O g6 9. e5 dxe5 10. Qe2 Qc7 11. f4 e4 12. Nxe4 Bg7 13. Nxf6+ Bxf6
14. c3 O-O 15. Be3 Bf5 16. Rfd1 e5 17. Qf2 Rfe8 18. Rd2 exf4 19. Bxf4 Qb6
20. Qxb6 axb6 21. Rd6 Be7 22. Rxc6 Bc5+ 23. Kh1 Re4 24. Rxc5 bxc5 25. Bd5
Rxa2 26. Bxa2 Rxf4 27. Kg1 Bd3 28. Bd5 c4 29. Bf3 g5 30. Re1 Rf6 31. Be2
Bxe2 32. Rxe2 Kg7 33. Re5 Kg6 34. Rb5 Rf4 35. g3 Re4 36. Kf2 g4 37. b4 cxb3
38. Rxb3 f5 39. Rb2 f4 40. Rb4 Kf5 41. Rxe4 Kxe4 42. gxf4 Kxf4 43. c4 Ke4
44. Kg3 Kd4 1/2-1/2

[Event "WYb14"]
[Site "Heraklio GRE"]
[Date "2002.11.23"]
[Round "10"]
[White "Romanov,E"]
[Black "Rohit,G"]
[Result "0-1"]
[WhiteElo "2318"]
[BlackElo "2319"]
[EventDate "2002.11.15"]

1. e4 c5 2. Nf3 d6 3. d4 cxd4 4. Nxd4 Nf6 5. Nc3 Nc6 6. Bc4 Qb6 7. Nb3 e6
8. Be3 Qc7 9. f4 a6 10. Bd3 b5 11. Qf3 Bb7 12. O-O h5 13. h3 Be7 14. a4 b4
15. Ne2 Nd7 16. Nbd4 Bf6 17. Nxc6 Bxc6 18. Nd4 Bb7 19. Rad1 Nc5 20. g4 hxg4
21. hxg4 d5 22. e5 Be7 23. b3 O-O-O 24. c3 bxc3 25. Bb1 Ne4 26. Qg2 Bc5 27.
Rc1 Qb6 28. Rfd1 Kb8 29. b4 Qxb4 30. Rd3 Qb2 31. Bc2 Nd2 32. Bxd2 cxd2 33.
Qxd2 Rc8 34. Kg2 Bxd4 35. Rxd4 Qc3 36. Qd3 Qxd3 37. Rxd3 Rc4 38. Kg3 Rhc8
39. Rd2 d4 40. Kh4 d3 41. Rxd3 Rxc2 42. Rxc2 Rxc2 43. Rd7 Rc7 44. Rd8+ Ka7
45. Kg5 Bf3 46. Rg8 g6 47. Rh8 Kb6 48. Rh3 Bd1 49. Rh1 Bxa4 50. Kf6 Bc6 0-1

[Event "WYb14"]
[Site "Heraklio GRE"]
[Date "2002.11.23"]
[Round "10"]
[White "Amin,B"]
[Black "Jojua,D"]
[Result "1/2-1/2"]
[WhiteElo "2269"]
[BlackElo "2208"]
[EventDate "2002.11.15"]

1. e4 c5 2. Nf3 e6 3. d3 Nc6 4. g3 Nf6 5. Bg2 d5 6. Nbd2 Be7 7. O-O b6 8.
Re1 Bb7 9. e5 Nd7 10. Nf1 Qc7 11. Bf4 O-O-O 12. h4 h6 13. Ne3 Nf8 14. Ng4
Ng6 15. Qd2 Rdf8 16. c3 Nxf4 17. Qxf4 Kb8 18. a3 Bc8 19. Qd2 f5 20. exf6
gxf6 21. d4 Rfg8 22. Ngh2 Bd6 23. b4 c4 24. Re2 Ne7 25. Rae1 Nf5 26. Nf1 h5
27. N3h2 Qf7 28. Ne3 Nh6 29. Nhf1 Ng4 30. f4 f5 31. Nxg4 hxg4 32. Re3 Bd7
33. Bh1 Rh6 34. Qg2 Rc8 35. Qc2 a6 36. Bg2 Rc7 37. Qf2 Bc6 38. Nd2 Bb7 39.
Bf1 Bc8 40. Be2 Bb7 41. Bd1 Bc8 42. Qe2 Bd7 43. Bc2 Bc8 1/2-1/2

[Event "WYb14"]
[Site "Heraklio GRE"]
[Date "2002.11.23"]
[Round "10"]
[White "Sengupta,D"]
[Black "Gonda,L"]
[Result "1/2-1/2"]
[WhiteElo "2285"]
[BlackElo "2333"]
[EventDate "2002.11.15"]

1. e4 c5 2. Nf3 d6 3. c3 Nf6 4. Be2 g6 5. O-O Bg7 6. Re1 O-O 7. Bf1 Bg4 8.
h3 Bxf3 9. Qxf3 Nc6 10. d3 Ne8 11. Qe2 d5 12. g3 Nc7 13. Bg2 Qd7 14. Na3
Rad8 15. Nc2 e6 16. Bg5 f6 17. Be3 b6 18. exd5 Nxd5 19. d4 cxd4 20. Bxd4 e5
21. Be3 Nce7 22. Rad1 Qc7 23. Bc1 Qc8 24. Qb5 Nc7 25. Qa4 Rxd1 26. Rxd1 Rd8
27. Rxd8+ Qxd8 28. Ne3 Nc8 29. Nf1 a6 30. Be3 b5 31. Qb3+ Kh8 32. c4 f5 33.
c5 e4 34. f3 Qd5 35. fxe4 Qxb3 36. axb3 Bxb2 37. exf5 gxf5 38. Nd2 a5 39.
Kf2 Kg8 40. Ke2 Be5 41. g4 fxg4 42. hxg4 Ne7 43. Nf3 Bg3 44. Nd4 a4 45.
bxa4 bxa4 46. Kd3 Ned5 47. Bd2 Nf4+ 48. Bxf4 Bxf4 49. Kc4 Kf7 50. Be4 h6
51. Kb4 Kf6 52. Bc2 Be3 53. Nf5 a3 54. Bb1 Bf2 55. Nxh6 Kg5 56. Nf7+ Kxg4
57. c6 Kf4 58. Kxa3 Ke3 1/2-1/2

[Event "WYb14"]
[Site "Heraklio GRE"]
[Date "2002.11.23"]
[Round "10"]
[White "Ragger,M"]
[Black "Mamedov,Rau"]
[Result "1-0"]
[WhiteElo "2211"]
[BlackElo "2366"]
[EventDate "2002.11.15"]

1. e4 c5 2. c3 d6 3. d4 cxd4 4. cxd4 Nf6 5. Nc3 g6 6. h3 Bg7 7. Nf3 O-O 8.
Bd3 Nc6 9. O-O Nd7 10. Be3 Nb6 11. Rc1 d5 12. e5 Nb4 13. Be2 Nc6 14. b3 f6
15. Re1 Be6 16. exf6 exf6 17. Bf4 g5 18. Bh2 Qd7 19. Nb5 Bf7 20. Bd3 Bg6
21. Bxg6 hxg6 22. Qc2 Kh7 23. Nd6 Nb4 24. Qc7 g4 25. Re7 Qxc7 26. Rcxc7 Rg8
27. Ng5+ Kh6 28. Ndf7+ Kh5 29. hxg4+ Kh4 30. g3+ Kxg4 31. f3+ 1-0

[Event "WYb14"]
[Site "Heraklio GRE"]
[Date "2002.11.23"]
[Round "10"]
[White "Ramirez,Al"]
[Black "Fier,A"]
[Result "1-0"]
[WhiteElo "2421"]
[BlackElo "2205"]
[EventDate "2002.11.15"]

1. e4 Nc6 2. Nf3 f5 3. exf5 Nf6 4. d4 d5 5. Bd3 Ne4 6. c4 Bxf5 7. cxd5 Qxd5
8. O-O O-O-O 9. Be3 g6 10. Na3 e6 11. Bc4 Qd7 12. Qa4 Bxa3 13. Qxa3 Qd6 14.
Qa4 Qb4 15. Qxb4 Nxb4 16. Ne5 Nd6 17. Bb3 Rde8 18. Rac1 Be4 19. Bf4 Kd8 20.
a3 Nd3 21. Bg5+ Kc8 22. Rc3 Nxe5 23. dxe5 Nb5 24. Re3 Nd4 25. Ba2 Bf5 26.
Rd1 Nc6 27. Bf6 Rhf8 28. Rc3 g5 29. f3 h5 30. Bb3 Nb8 31. Bxg5 Nd7 32. Re1
Rg8 33. Bh4 Nf8 34. Rc4 Ng6 35. Bf6 Ne7 36. Rh4 Ng6 37. Rxh5 Nf4 38. Rg5
Rxg5 39. Bxg5 Nd3 40. Re3 Nxb2 41. g4 Bh7 42. f4 b5 43. Rc3 a5 44. h4 Kb7
45. h5 Kb6 46. Bh4 b4 47. axb4 axb4 48. Bf2+ Kb7 49. Rg3 Be4 50. g5 Ra8 51.
Re3 Ra1+ 52. Re1 Rxe1+ 53. Bxe1 Nd3 54. Bd2 Bf5 55. g6 Nc5 56. g7 Bh7 57.
Bc2 Bg8 58. Bxb4 1-0

[Event "WYb14"]
[Site "Heraklio GRE"]
[Date "2002.11.23"]
[Round "10"]
[White "Iotov,V"]
[Black "Bercys,S"]
[Result "0-1"]
[WhiteElo "2256"]
[BlackElo "2167"]
[EventDate "2002.11.15"]

1. d4 Nf6 2. c4 g6 3. Nc3 Bg7 4. e4 d6 5. f4 O-O 6. Nf3 c5 7. d5 e6 8. Be2
exd5 9. cxd5 Re8 10. Nd2 a6 11. a4 Nbd7 12. O-O Qc7 13. Bf3 Rb8 14. a5 b5
15. axb6 Nxb6 16. g4 Nfd7 17. g5 c4 18. f5 Qc5+ 19. Kh1 Bd4 20. f6 h6 21.
e5 Bxc3 22. bxc3 Rxe5 23. Ne4 Qc7 24. gxh6 Nxd5 25. h7+ Kh8 26. Bg2 Rxe4
27. Qxd5 Re6 28. Bh6 Qc5 29. Bg7+ Kxh7 30. Qxc5 Nxc5 31. Rf3 Re5 32. Rf4
Bb7 33. Rxc4 Bxg2+ 34. Kxg2 Rb2+ 35. Kh1 Rh5 36. h4 g5 37. Bf8 Rb6 38. Rg1
Ne6 39. Be7 d5 40. Ra4 Rc6 41. Rd1 Rxc3 42. Rxd5 Rh3+ 43. Kg2 R3xh4 44.
Rxh4 Rxh4 45. Ra5 Kg6 46. Rxa6 Nf4+ 47. Kg3 Nh5+ 48. Kg2 Rf4 49. Ra5 Rf5
50. Ra6 Nxf6 51. Bb4 Kh5 52. Be1 Ng4 53. Ra8 Nf6 54. Bg3 Ne4 55. Be1 Kg4
56. Ra4 Re5 57. Bd2 f5 58. Bc3 Re6 59. Be1 f4 60. Ra3 Rc6 61. Ra2 Rc1 62.
Kf1 f3 63. Rb2 f2 64. Rxf2 Nxf2 65. Kxf2 Rxe1 66. Kxe1 Kh3 67. Kf2 g4 68.
Kg1 Kg3 69. Kh1 Kf2 70. Kh2 g3+ 0-1

[Event "WYb14"]
[Site "Heraklio GRE"]
[Date "2002.11.23"]
[Round "10"]
[White "Pancevski,F"]
[Black "Thiruchelvam,M"]
[Result "1/2-1/2"]
[WhiteElo "2262"]
[BlackElo "2249"]
[EventDate "2002.11.15"]

1. e4 c6 2. d4 d5 3. Nd2 dxe4 4. Nxe4 Bf5 5. Ng3 Bg6 6. N1e2 Nf6 7. Nf4 e5
8. dxe5 Qxd1+ 9. Kxd1 Ng4 10. Nxg6 hxg6 11. Be3 Nxe5 12. Be2 Be7 13. c3 Rh4
14. h3 f5 15. f4 Ned7 16. Kc2 Nf6 17. Bc4 Nbd7 18. Rad1 Bc5 19. Bxc5 Nxc5
20. Rhe1+ Kf8 21. Ne2 b5 22. Bd3 Nd5 23. Nd4 Rxf4 24. b4 Rf2+ 25. Rd2 Nxd3
26. Kxd3 Nf4+ 27. Kc2 Rxd2+ 28. Kxd2 Rc8 29. g3 Nd5 30. Re6 Ne7 31. Rd6 Ke8
32. h4 Rd8 33. Rxd8+ Kxd8 34. Ne6+ Ke8 35. Kd3 Nd5 36. h5 Ke7 37. Nxg7 Kf7
38. h6 Nf6 39. Kd4 Kg8 40. Ne6 Kh7 41. Nd8 Nh5 42. Nxc6 a6 43. Nb8 Nxg3 44.
Nxa6 f4 45. Nc7 f3 46. Ke3 Ne4 47. Kxf3 Nxc3 48. a3 Kxh6 49. Kg4 g5 50. Ne6
Nb1 51. Nxg5 Nxa3 1/2-1/2

[Event "WYb14"]
[Site "Heraklio GRE"]
[Date "2002.11.24"]
[Round "11"]
[White "Rohit,G"]
[Black "Ragger,M"]
[Result "1/2-1/2"]
[WhiteElo "2319"]
[BlackElo "2211"]
[EventDate "2002.11.15"]

1. e4 c5 2. Nf3 d6 3. d4 cxd4 4. Nxd4 Nf6 5. Nc3 a6 6. Be3 e5 7. Nb3 Be6 8.
Qd2 Be7 9. f3 O-O 10. O-O-O b5 11. g4 b4 12. Na4 Nc6 13. Nb6 Rb8 14. Nd5
Bxd5 15. exd5 Na5 16. Nxa5 Qxa5 17. Kb1 Nd7 18. Qd3 Nc5 19. Bxc5 Qxc5 20.
Qc4 Qf2 21. Qe2 Qh4 22. Qe1 f5 23. Bxa6 fxg4 24. fxg4 Qxg4 25. Rg1 Qh4 26.
Rg2 Qxe1 27. Rxe1 Bh4 28. Reg1 g5 29. Be2 Rf4 30. Kc1 h6 31. c3 bxc3 32.
bxc3 Bf2 33. Rf1 Be3+ 34. Kc2 Ra4 35. Kd3 Bf4 36. Bf3 Kf7 37. Be4 Rba8 38.
Rff2 Ra3 39. Rb2 R3a4 40. Rb3 Rxa2 41. Rb7+ Kf6 42. Rxa2 Rxa2 43. Rd7 Ra6
44. h3 h5 45. Bf3 g4 46. hxg4 h4 47. Rh7 Bg5 48. Rd7 Bc1 49. Kc2 Be3 50.
Kd3 Bf2 51. Be4 Bc5 52. Rh7 Kg5 53. Rg7+ Kf4 54. g5 Ra8 55. g6 Kg5 1/2-1/2

[Event "WYb14"]
[Site "Heraklio GRE"]
[Date "2002.11.24"]
[Round "11"]
[White "Kononenko,D"]
[Black "Ramirez,Al"]
[Result "1/2-1/2"]
[WhiteElo "2376"]
[BlackElo "2421"]
[EventDate "2002.11.15"]

1. e4 c5 2. Nf3 d6 3. d4 cxd4 4. Nxd4 Nf6 5. Nc3 g6 6. Be2 Bg7 7. Be3 O-O
8. f4 Nc6 9. Nb3 Be6 10. g4 Rc8 11. g5 Nd7 12. h4 Nb4 13. Qd2 f5 14. Nd4
Bf7 15. a3 Nc6 16. exf5 Nxd4 17. Bxd4 gxf5 18. Bxg7 Kxg7 19. O-O-O Qa5 20.
h5 Rxc3 21. Qd4+ Kg8 22. h6 Rxc2+ 23. Kxc2 Qc5+ 24. Kb1 Qxd4 25. Rxd4 Nc5
26. Bc4 Bxc4 27. Rxc4 Ne6 28. Rd1 Kf7 29. Kc1 Rd8 30. Kd2 a5 31. Ke3 d5 32.
Rc2 d4+ 33. Kf3 d3 34. Rc3 Rd4 35. Ke3 Re4+ 36. Kxd3 Nxf4+ 37. Kd2 Kg6 38.
Rc7 b5 39. Rc6+ Kxg5 40. Rg1+ Kh5 41. Rg7 e6 42. Rxh7 Ng6 43. Rc1 Rd4+ 44.
Ke3 Re4+ 45. Kd3 Rh4 46. Rg1 Ne5+ 47. Kc2 Ng4 48. Re7 Kxh6 49. Rxe6+ Kh5
50. Rb6 b4 51. axb4 axb4 52. Rxb4 Ne3+ 53. Kb3 Rg4 54. Rbxg4 fxg4 55. Kc3
Kg5 56. Kd3 Kf4 57. b4 g3 58. b5 Nd5 59. Kd4 Nb6 60. Rf1+ Kg4 61. Ke3 g2
62. Rd1 Kg3 63. Ke2 Nc4 64. Rc1 Nb6 1/2-1/2

[Event "WYb14"]
[Site "Heraklio GRE"]
[Date "2002.11.24"]
[Round "11"]
[White "Sengupta,D"]
[Black "Bluvshtein,M"]
[Result "1/2-1/2"]
[WhiteElo "2285"]
[BlackElo "2449"]
[EventDate "2002.11.15"]

1. e4 c5 2. Nf3 d6 3. c3 Nf6 4. Be2 Nc6 5. d4 cxd4 6. cxd4 Nxe4 7. d5 Qa5+
8. Nc3 Nxc3 9. bxc3 Ne5 10. Nxe5 dxe5 11. Qb3 a6 12. O-O e6 13. c4 Qc7 14.
Ba3 Bc5 15. Rfd1 exd5 16. cxd5 Bd6 17. Rac1 Qe7 18. Bxd6 Qxd6 19. a4 O-O
20. a5 Rd8 21. Rc4 Rb8 22. Rb4 Bf5 23. Rb6 Qc5 24. Rxb7 Rxb7 25. Qxb7 Qxa5
26. d6 Bc2 27. Rf1 Qd2 28. Bc4 Bg6 29. Bd5 Qg5 30. Rd1 Bc2 31. Qxf7+ Kh8
32. Ra1 a5 33. Qe7 h6 34. h4 Qf6 35. Rxa5 Qxd6 36. Qf7 Rf8 37. Qxf8+ Qxf8
38. Ra8 Qxa8 39. Bxa8 g5 40. hxg5 hxg5 41. Kh2 Kg7 42. Kg3 Kf6 43. Bc6 Bf5
44. Kf3 Be6 45. Be4 1/2-1/2

[Event "WYb14"]
[Site "Heraklio GRE"]
[Date "2002.11.24"]
[Round "11"]
[White "Bercys,S"]
[Black "Amin,B"]
[Result "1-0"]
[WhiteElo "2167"]
[BlackElo "2269"]
[EventDate "2002.11.15"]

1. d4 e6 2. c4 f5 3. g3 Nf6 4. Bg2 Bb4+ 5. Bd2 Qe7 6. a3 Bxd2+ 7. Qxd2 d6
8. Nc3 O-O 9. Nf3 c6 10. O-O e5 11. dxe5 dxe5 12. e4 fxe4 13. Ng5 Rd8 14.
Qc2 e3 15. fxe3 Be6 16. Nce4 Nbd7 17. b4 a5 18. c5 Bd5 19. Nd6 Bxg2 20.
Kxg2 g6 21. e4 Nf8 22. Qc4+ Kg7 23. Rf3 b5 24. Qf7+ Qxf7 25. Ngxf7 Rd7 26.
Nxe5 axb4 27. Raf1 bxa3 28. Rxf6 Rc7 29. Rf7+ Rxf7 30. Rxf7+ Kg8 31. Ng4 a2
32. Nf6+ Kh8 33. Nfe8 Rxe8 34. Nxe8 Nd7 35. Rf1 b4 36. e5 h5 37. e6 Nxc5
38. e7 Ne6 39. Rf8+ Kh7 40. Nf6+ Kh6 41. e8=Q a1=Q 42. Qxe6 1-0

[Event "WYb14"]
[Site "Heraklio GRE"]
[Date "2002.11.24"]
[Round "11"]
[White "Jojua,D"]
[Black "Pancevski,F"]
[Result "1-0"]
[WhiteElo "2208"]
[BlackElo "2262"]
[EventDate "2002.11.15"]

1. e4 e5 2. Nf3 Nc6 3. Bb5 a6 4. Ba4 Nf6 5. Qe2 d6 6. c3 b5 7. Bb3 Be7 8.
O-O O-O 9. h3 Na5 10. Bc2 c5 11. d3 Re8 12. Re1 Bf8 13. Nbd2 g6 14. Nf1 Bg7
15. Ng3 Bb7 16. Nh2 Qc7 17. Ng4 Nxg4 18. hxg4 c4 19. dxc4 Nxc4 20. g5 Rf8
21. a4 bxa4 22. Rxa4 Nb6 23. Ra1 a5 24. Bd3 Nd7 25. Be3 Nc5 26. Bxc5 Qxc5
27. Red1 f6 28. Bc4+ Kh8 29. Bd5 Ba6 30. Qd2 Rab8 31. b4 Qb6 32. Rxa5 fxg5
33. Rda1 Bc8 34. Ra7 g4 35. R1a2 Qd8 36. c4 Qh4 37. Qc3 Qd8 38. c5 dxc5 39.
Qxc5 Rb6 40. Ra8 Rbf6 41. Rc2 Ra6 42. Rxc8 Ra1+ 43. Nf1 1-0

[Event "WYb14"]
[Site "Heraklio GRE"]
[Date "2002.11.24"]
[Round "11"]
[White "Brkic,A"]
[Black "Szabo,K"]
[Result "1-0"]
[WhiteElo "2372"]
[BlackElo "2223"]
[EventDate "2002.11.15"]

1. e4 c5 2. Nf3 d6 3. d4 cxd4 4. Nxd4 Nf6 5. Nc3 a6 6. Bg5 e6 7. f4 Nbd7 8.
Qf3 h6 9. Bh4 Qc7 10. O-O-O Be7 11. Be2 b5 12. Bxf6 Nxf6 13. e5 Bb7 14. Qg3
dxe5 15. fxe5 Nd7 16. Nxe6 fxe6 17. Bh5+ Kd8 18. Qxg7 Rf8 19. Bg4 Qc4 20.
Rxd7+ Kxd7 21. Rd1+ Kc7 22. Qxe7+ Kb6 23. Rd6+ Ka7 24. Bf3 Rab8 25. Rd7
Rxf3 26. gxf3 Qf4+ 27. Kb1 Qxe5 28. a4 b4 29. Qxb4 Ka8 30. Nb5 Rg8 31. Nc7+
Ka7 32. Nxa6 Rg1+ 33. Ka2 1-0

[Event "WYb14"]
[Site "Heraklio GRE"]
[Date "2002.11.24"]
[Round "11"]
[White "Mamedov,Rau"]
[Black "Brodowski,P"]
[Result "1/2-1/2"]
[WhiteElo "2366"]
[BlackElo "2232"]
[EventDate "2002.11.15"]

1. e4 e6 2. d4 d5 3. Nd2 dxe4 4. Nxe4 Nd7 5. Nf3 Ngf6 6. Bd3 Nxe4 7. Bxe4
Nf6 8. Bd3 c5 9. dxc5 Bxc5 10. Qe2 Qc7 11. O-O O-O 12. Bg5 Be7 13. Ne5 Rd8
14. f4 h6 15. Bh4 Nd5 16. Bg3 Bc5+ 17. Kh1 Ne3 18. Rf3 Nf5 19. Bxf5 exf5
20. Bh4 Rd4 21. Raf1 Be6 22. Rg3 Be7 23. Bxe7 Qxe7 24. Qe3 1/2-1/2

[Event "WYb12"]
[Site "Heraklio GRE"]
[Date "2002.11.16"]
[Round "2"]
[White "Howell,D"]
[Black "Can,E"]
[Result "1-0"]
[WhiteElo "2224"]
[BlackElo "2185"]
[EventDate "2002.11.15"]

1. e4 c5 2. Nf3 d6 3. Bb5+ Bd7 4. Bxd7+ Qxd7 5. c4 Nc6 6. Nc3 g6 7. d4 cxd4
8. Nxd4 Bg7 9. Be3 Nf6 10. f3 O-O 11. O-O Rfc8 12. b3 Qd8 13. Qd2 Nd7 14.
Nd5 Nf6 15. Rfe1 Nxd5 16. exd5 Ne5 17. Bg5 Qb6 18. Rad1 Re8 19. f4 Ng4 20.
Bxe7 Rac8 21. h3 Nh6 22. g4 f6 23. Re6 f5 24. g5 Nf7 25. Kg2 Nd8 26. Bxd8
Rcxd8 27. Rde1 Rf8 28. Nf3 Qc5 29. a4 a6 30. a5 b5 31. axb6 Rb8 32. Re7
Rxb6 33. R1e3 a5 34. Qa2 Rb4 35. Re2 a4 36. bxa4 Rxc4 37. Rd7 Ra8 38. Qb1
Qxd5 39. Rd2 Qe4 40. Qb3 Rac8 41. R7xd6 Qe7 42. Rd7 Qe6 43. Qb7 Bf8 44.
Rxh7 Rc2 45. Rhd7 Rc1 46. Qd5 Qxd5 47. R7xd5 R1c4 48. Ne5 Rxf4 49. Nxg6
Rxa4 50. Rxf5 Bb4 51. Rb2 Kg7 52. Nf4 Bd6 53. Ne6+ Kg6 54. Rd2 Ra6 55. Re2
Ra3 56. Rf3 Ra5 57. h4 Rc4 58. Rd2 Ra6 59. Kh3 Be7 60. Nf4+ Kh7 61. Kg4 Bd6
62. h5 Be7 63. Kf5 Rcc6 64. Re3 Bf8 65. Re6 Rxe6 66. Nxe6 Be7 67. Rd7 1-0

[Event "WYb12"]
[Site "Heraklio GRE"]
[Date "2002.11.17"]
[Round "3"]
[White "Aswin,J"]
[Black "Nguyen Ngoc Truongson"]
[Result "0-1"]
[WhiteElo "2113"]
[BlackElo "2274"]
[EventDate "2002.11.15"]

1. e4 c6 2. d4 d5 3. e5 Bf5 4. Nc3 Qb6 5. g4 Bd7 6. Na4 Qc7 7. Bg2 Na6 8.
Nc3 e6 9. f4 O-O-O 10. Be3 Be7 11. h4 Nh6 12. Bf3 f6 13. Nge2 Rdf8 14. exf6
gxf6 15. f5 Nf7 16. fxe6 Bxe6 17. Nf4 Bd7 18. Qd2 Nd6 19. Be2 Nc4 20. Bxc4
dxc4 21. O-O-O Bxg4 22. Rdg1 Rhg8 23. d5 Nc5 24. dxc6 Qxc6 25. Nfd5 Bd6 26.
Bh6 Rf7 27. Qd4 f5 28. Qxc4 Ne6 29. Nb6+ Kd8 30. Kb1 Qxc4 31. Nxc4 Bb8 32.
Nb5 Rd7 33. Be3 b6 34. Nc3 h5 35. Re1 Re8 36. Bf2 Nf8 37. Rxe8+ Kxe8 38.
Re1+ Re7 39. Rxe7+ Kxe7 40. Kc1 Ng6 41. Kd2 Bf3 42. Nb5 Be4 43. a4 Bd5 44.
Ne3 Be6 45. Nd4 Kf6 46. Nc6 Be5 47. Nxa7 Bxb2 48. Nd1 Be5 49. Bxb6 Bg3 50.
Nc6 Nxh4 51. Bd8+ Kf7 52. a5 Nf3+ 53. Ke2 Bd5 54. Nb4 Ba8 55. Ne3 f4 56.
Ned5 Nh2 57. Kd2 f3 58. Ne3 f2 59. Ke2 Bf3+ 60. Kd3 Bf4 61. Bh4 Bxe3 62.
Bxf2 Bxf2 63. a6 Ng4 64. c4 h4 65. Nc2 h3 66. Nd4 Bxd4 67. Kxd4 h2 0-1

[Event "WYb12"]
[Site "Heraklio GRE"]
[Date "2002.11.17"]
[Round "3"]
[White "Saric,Iv"]
[Black "Howell,D"]
[Result "0-1"]
[WhiteElo "2010"]
[BlackElo "2224"]
[EventDate "2002.11.15"]

1. e4 e5 2. Nf3 Nc6 3. Bc4 Bc5 4. c3 Nf6 5. d3 a6 6. Bb3 Ba7 7. Nbd2 O-O 8.
h3 h6 9. Nf1 d5 10. Qe2 Be6 11. Ng3 Qd7 12. O-O Rfe8 13. Rd1 Rad8 14. Kh2
Qc8 15. Be3 Bxe3 16. Qxe3 Na5 17. Bc2 dxe4 18. dxe4 Nc4 19. Qc1 Rxd1 20.
Bxd1 c5 21. Bb3 Na5 22. Bxe6 Qxe6 23. b3 Rd8 24. Qc2 c4 25. b4 Nc6 26. Rd1
Rxd1 27. Qxd1 g6 28. Qd2 Kg7 29. Nh4 Kh7 30. a4 Qd7 31. Nf3 Qe6 32. Qe2 Nd7
33. Qd1 a5 34. b5 Ne7 35. Ne1 Nc5 36. f3 Qd7 37. Qe2 Nd3 38. Nf1 Nc8 39.
Ne3 Nxe1 40. Qxe1 Nb6 41. Qa1 Qd2 42. Nf1 Qd6 43. Ne3 Qc5 44. Nf1 Kg7 45.
Kg3 Kf6 46. Qd1 Ke7 47. Nd2 Qd6 48. Qg1 Kd7 49. Qe3 h5 50. h4 Qc7 51. Qh6
Qd6 52. Qe3 Ke6 53. Kh2 Qc7 54. Qe2 Qc5 55. Kg3 Kd7 56. Kh3 Kc7 57. Kg3 f6
58. Kh2 Nxa4 59. Nxc4 Nxc3 60. b6+ Qxb6 61. Qd2 Qd4 62. Qh6 Qxc4 63. Qf8
Qc6 64. Qe7+ Kb6 65. Qd8+ Ka6 66. Qd3+ b5 0-1

[Event "WYb12"]
[Site "Heraklio GRE"]
[Date "2002.11.17"]
[Round "3"]
[White "Bindrich,F"]
[Black "Pena,Al"]
[Result "1-0"]
[WhiteElo "2172"]
[BlackElo "2112"]
[EventDate "2002.11.15"]

1. e4 e5 2. Nf3 Nc6 3. Bb5 a6 4. Bxc6 dxc6 5. O-O Bg4 6. h3 h5 7. d3 Qf6 8.
Nbd2 Bc5 9. Nc4 Bxf3 10. Qxf3 Qxf3 11. gxf3 f6 12. Be3 Bd6 13. d4 exd4 14.
Bxd4 b5 15. Na5 Ne7 16. Rad1 O-O 17. Nb7 Rfb8 18. Nxd6 cxd6 19. Be3 Rd8 20.
Rd2 Kf7 21. Rfd1 Ke6 22. Bc5 Nc8 23. Kg2 Rb8 24. Be3 Rb7 25. Rd3 Ne7 26. b3
g5 27. f4 gxf4 28. Bxf4 Rg8+ 29. Kf1 d5 30. exd5+ Nxd5 31. Bd2 b4 32. c3
bxc3 33. Re1+ Kf7 34. Bxc3 Re7 35. Rxe7+ Kxe7 36. Bd2 Ke6 37. Rd4 Ra8 38.
Ke2 Ra7 39. Kf3 Kf5 40. Rc4 Rc7 41. Ba5 Rc8 42. Bd2 Ke5 43. Kg3 Kf5 44. Kh4
Kg6 45. Rc5 f5 46. Rc1 f4 47. Rg1+ Kf5 48. f3 Ke5 49. Re1+ Kf5 50. Rc1 Rc7
51. Rc4 Rc8 52. Rc5 Kg6 53. Bc1 Rc7 54. Bd2 Rc8 55. b4 Kf6 56. a4 Ne7 57.
Kxh5 Nd5 58. Bc3+ Ke6 59. b5 Kd6 60. Bd4 axb5 61. axb5 Ne7 62. b6 Nd5 63.
Rc1 Rb8 64. Re1 Rb7 65. Kg5 c5 66. Be5+ Kc6 67. Bxf4 Rh7 68. Re6+ Kb7 69.
Bd6 c4 70. h4 c3 71. h5 c2 72. Re1 Ne3 73. Rc1 Rd7 74. Bf4 Rd5+ 75. Kg6 Ng2
76. Bg5 Rd6+ 77. Kf7 Rc6 78. h6 Kxb6 79. h7 Rc7+ 80. Be7 Nf4 81. h8=Q Rxe7+
82. Kxe7 Ng6+ 83. Kf6 Nxh8 84. Rxc2 Kb5 85. Rh2 Kc4 86. Rxh8 Kd3 87. Kf5
Ke3 88. Kg4 Kd4 89. Kf4 1-0

[Event "WYb12"]
[Site "Heraklio GRE"]
[Date "2002.11.17"]
[Round "4"]
[White "Nepomniachtchi,I"]
[Black "Bindrich,F"]
[Result "1-0"]
[WhiteElo "2344"]
[BlackElo "2172"]
[EventDate "2002.11.15"]

1. d4 Nf6 2. Nf3 c5 3. g3 cxd4 4. Nxd4 g6 5. Bg2 Bg7 6. c4 Nc6 7. Nc3 O-O
8. O-O Ng4 9. e3 d6 10. b3 Nxd4 11. exd4 e5 12. dxe5 Nxe5 13. Bd2 Bg4 14.
f3 Be6 15. Kh1 Re8 16. f4 Bg4 17. Qc2 Bf5 18. Be4 Bxe4+ 19. Qxe4 Ng4 20.
Qf3 h5 21. Rae1 Qa5 22. h3 Nh6 23. Qd5 Qc5 24. Ne4 Qxd5 25. cxd5 Nf5 26.
Kg2 Bd4 27. Kf3 Red8 28. g4 hxg4+ 29. hxg4 Ne7 30. Rd1 Bg7 31. Bb4 Rd7 32.
g5 Nf5 33. Nf6+ Bxf6 34. gxf6 Rc7 35. Rf2 a5 36. Bd2 g5 37. Kg4 Nh4 38.
Kxg5 Ng6 39. Rh1 Rc5 40. f5 Rxd5 41. Kh6 Ne5 42. Rg1+ Kh8 43. Rg7 Rd4 44.
Bf4 1-0